Central Library OPAC University of Rajshahi

Sociology and the field of corrections / (Record no. 34192)

MARC details
000 -LEADER
fixed length control field 00761nam a22002531 4500
001 - CONTROL NUMBER
control field 34192
003 - CONTROL NUMBER IDENTIFIER
rucl marc code BD-RjUL
005 - DATE AND TIME OF LATEST TRANSACTION
control field 20211209052124.0
008 - FIXED-LENGTH DATA ELEMENTS--GENERAL INFORMATION
fixed length control field 140514s1956 nyu 000 0 eng d
035 ## - SYSTEM CONTROL NUMBER
System control number (BD-RjUL)34286
System control number (OCoLC)1444672
040 ## - CATALOGING SOURCE
Original cataloging agency DLC
Transcribing agency FJ
Modifying agency OCoLC
-- DLC
-- BD-RjUL
Language of cataloging eng
041 ## - LANGUAGE CODE
Language code of text/sound track or separate title eng
082 00 - DEWEY DECIMAL CLASSIFICATION NUMBER
Classification number 365.6
Author mark and year OHS 1956
100 1# - MAIN ENTRY--PERSONAL NAME
Personal name Ohlin, Lloyd E.
9 (RLIN) 103948
245 10 - TITLE STATEMENT
Title Sociology and the field of corrections /
Statement of responsibility, etc. Prepared for the American Sociology Society by Lloyd E. Ohlin.
260 ## - PUBLICATION, DISTRIBUTION, ETC. (IMPRINT)
Place of publication, distribution, etc. New York :
Name of publisher, distributor, etc. Russell Sage Foundation,
Date of publication, distribution, etc. 1956.
300 ## - PHYSICAL DESCRIPTION
Pagination 58 p.
Size 23 cm.
650 #0 - SUBJECT ADDED ENTRY--TOPICAL TERM
Topical term or geographic name as entry element Prisoners.
9 (RLIN) 103949
710 2# - ADDED ENTRY--CORPORATE NAME
Corporate name or jurisdiction name as entry element American Sociological Society.
9 (RLIN) 103950
942 ## - ADDED ENTRY ELEMENTS (KOHA)
Source of classification or shelving scheme Dewey Decimal Classification
Koha item type Books
Holdings
Lost status Source of classification or shelving scheme Damaged status Not for loan Collection code Permanent Location Current Location Shelving location Date acquired Source of acquisition Cost, normal purchase price Total Checkouts Full call number Date last seen Copy number Koha item type
  Dewey Decimal Classification   Not For Loan Non-fiction Central Library, University of Rajshahi Central Library, University of Rajshahi Reading Room 01/02/1963 Mirza Book Agency 2.50   365.6 OHS 1956 14/05/2014 C-1 Books